Trung Quốc nhìn lại một chặng đường phát triển /

محفوظ في:
التفاصيل البيبلوغرافية
المؤلف الرئيسي: Ma, Jun
مؤلفون آخرون: Hoàng Quốc Hùng (dịch giả), Nguyễn Quốc Thắng (dịch giả)
التنسيق: Sách giấy
اللغة:Vietnamese
منشور في: TP.HCM : Trẻ, 2002
الموضوعات:
الوسوم: إضافة وسم
لا توجد وسوم, كن أول من يضع وسما على هذه التسجيلة!
Thư viện lưu trữ: Thư viện Trường Đại học Đà Lạt
LEADER 00857nam a2200313 4500
001 DLU040029355
005 ##20040930
040 # # |a DLU  |b vie 
041 # # |a vie 
044 # # |a vn 
082 # # |a 338.951  |b MA-J 
100 # # |a Ma, Jun 
245 # # |a Trung Quốc nhìn lại một chặng đường phát triển /  |c Jun Ma; Nguyễn Quốc Thắng, Hoàng Quốc Hùng dịch giả 
260 # # |a TP.HCM :  |b Trẻ,  |c 2002 
300 # # |a 369 tr. ;  |c 21 cm 
504 # # |a Tài liệu tham khảo :tr.343-369 
651 # # |a Trung Quốc 
700 # # |a Hoàng Quốc Hùng  |e dịch giả 
700 # # |a Nguyễn Quốc Thắng  |e dịch giả 
923 # # |a 30/2004 
992 # # |a 43.000 
994 # # |a DLU 
900 # # |a True 
911 # # |a Đào Thị Thu Huyền 
925 # # |a G 
926 # # |a A 
927 # # |a SH 
980 # # |a Thư viện Trường Đại học Đà Lạt